Landkreise in Sachsen-Anhalt - Sudden Death - Statistiken

Allgemein
  • Dieses Quiz wurde 91 mal gespielt
  • Das Durchschnittsergebnis liegt bei 8 aus 11
Answers on the Grid
Answers color-coded by a green-red scale on the quiz's grid according to % correct below.
Halberstadt
Stendal
Wittenberg
Anhalt-Weißenfels
Jerichower Land
Saale-Holzland-Kreis
Börde
Havelland
Mansfeld-Südharz
Harz
Altmarkkreis Salzwedel
Lüchow-Dannenberg
Salzlandkreis
Uckermark
Burgenlandkreis
Kyffhäuserkreis
Quedlinburg
Naumburg
Elbekreis-Dessau
Saalekreis
Anhalt-Bitterfeld
Seeland
Wernigerode
Heidekreis
 
Antwortstatistiken
Antwort % Korrekt
Börde
74%
Saalekreis
74%
Anhalt-Bitterfeld
72%
Harz
72%
Altmarkkreis Salzwedel
70%
Burgenlandkreis
70%
Mansfeld-Südharz
70%
Salzlandkreis
70%
Wittenberg
68%
Jerichower Land
67%
Stendal
67%
Keine übereinstimmenden Quizze gefunden
Verteilung der Resultate
Anzahl Personen mit jedem Resultat
Perzentil nach korrekt beantworteten Fragen
Ihre Resultats-Entwicklung
Sie haben dieses Quiz noch nicht gespielt